000 00338nam a22001457a 4500
008 221020b ||||| |||| 00| 0 eng d
020 _a9781284078329
041 _aeng
080 _2FOURTH EDITION
_a610.73
082 _a610.73 MAS
100 _a8
101 _aINF
245 _aROLE DEVELOPMENT
_cMASTERS KATHELEEN
942 _2udc
_cBK
999 _c58626
_d58626